| 000 | 01016nam a22003257a 4500 | ||
|---|---|---|---|
| 001 | BR9802930 | ||
| 003 | BR-BrBNA | ||
| 005 | 20230928095914.0 | ||
| 007 | ta | ||
| 008 | 230509b bl.||||| |||| 00| 0 por d | ||
| 040 |
_aBR-BrBNA _bpor _cBiblioteca Nacional de Agricultura |
||
| 041 | _a(Eng, Por) | ||
| 072 | _aH20 | ||
| 090 | _ H20 BR9802930 | ||
| 110 | 1 |
_aUniversidade Estadual Paulista Julio de Mesquita Filho, Botucatu, SP (Brasil). Faculdade de Ciencias Agronomicas _910680 |
|
| 111 | 1 |
_a21. Congresso Paulista de Fitopatologia _cBotucatu, SP (Brazil) _d10-12 Feb 1998 |
|
| 245 | 1 | _a21. Congresso Paulista de Fitopatologia. Programa e resumos | |
| 260 | 3 |
_aBotucatu, SP (Brasil): _c1998. |
|
| 300 | _a140 p. | ||
| 500 | _aSummary only | ||
| 650 | _aCana de Acucar | ||
| 650 | _aDoenca de Planta | ||
| 650 | _aDefesa Vegetal | ||
| 650 | _aFungo | ||
| 650 | _aControle Biologico | ||
| 650 | _aControle Quimico | ||
| 650 | _aFungicida | ||
| 909 |
_a202309 _bLucia _c55 _dLucia Elande |
||
| 942 | _cBK | ||
| 999 |
_c59325 _d59325 |
||